[Event "Yeappee"]
[Site "http://www.queenalice.com/game.php?id=1362215"]
[Date "2015.5.28"]
[Round "4"]
[White "Janivgm"]
[Black "Slazenger"]
[Result "1-0"]
[WhiteElo "1954"]
[BlackElo "1792"]

1. d4 d5 2. c4 Nf6 3. Nc3 c6 4. g3 Be6 5. cxd5 Nxd5 6. Bg2 g6 7. e3 Qa5 8. Ne2
Nxc3 9. Nxc3 Nd7 10. Bd2 Qb6 11. b3 Nf6 12. O-O O-O-O 13. Na4 Qc7 14. Nc5 Nd7
15. Nxe6 fxe6 16. Qg4 e5 17. d5 Kb8 18. Rac1 Nf6 19. Qc4 Qd6 20. dxc6 Rc8 21.
Bb4 Qd8 22. Qb5 b6 23. Qxe5+ Rc7 24. Rfd1 Qe8 25. Bd6 exd6 26. Qxf6 Be7 27. Qd4
Rf8 28. b4 Qf7 29. f4 Qxa2 30. b5 Rf6 31. Bd5 Qa5 32. Qc4 a6 33. bxa6 Qc5 34.
Qb3 Qa5 35. Ra1 Qc5 36. Rdc1 Qxc1+ 37. Rxc1 Ka7 38. Rb1 1-0

[Event "FromentPierre"]
[Site "http://www.queenalice.com/game.php?id=1371061"]
[Date "2015.7.11"]
[Round "4"]
[White "docb"]
[Black "Slazenger"]
[Result "1-0"]
[WhiteElo "2120"]
[BlackElo "1875"]

1. e4 c5 2. Nc3 e6 3. g3 d5 4. exd5 exd5 5. Bg2 Nf6 6. d4 Be6 7. Nge2 Nc6 8. O-O
Qd7 9. Re1 Be7 10. dxc5 Bxc5 11. Nf4 O-O 12. Ncxd5 Rad8 13. Nxf6+ gxf6 14. Qxd7
Bxd7 15. Nh5 Be7 16. Bxc6 Bxc6 17. Bh6 Rfe8 18. Ng7 Rd2 19. Bxd2 Kxg7 20. Bc3
Ba4 21. Rad1 Bxc2 22. Rd7 Kf8 23. Rxb7 a6 24. Rbxe7 Rxe7 25. Bb4 1-0

[Event "AUTO-ADV-3456"]
[Site "http://www.queenalice.com/game.php?id=1372207"]
[Date "2015.7.19"]
[Round "1"]
[White "jlpbarreto"]
[Black "Slazenger"]
[Result "0-1"]
[WhiteElo "1829"]
[BlackElo "1829"]

1. e4 e6 2. d4 c6 3. Nf3 d5 4. Nc3 Nd7 5. e5 f6 6. Bf4 Bb4 7. Bd3 g5 8. Bg3 f5
9. h3 c5 10. Bb5 a6 11. Bxd7+ Bxd7 12. dxc5 Bxc5 13. Nd4 f4 14. Bh2 h5 15. f3
Ne7 16. Qd2 Ng6 17. Qe2 Bxd4 0-1

[Event "AUTO-ADV-3456"]
[Site "http://www.queenalice.com/game.php?id=1372208"]
[Date "2015.7.19"]
[Round "1"]
[White "Slazenger"]
[Black "mp3"]
[Result "1-0"]
[WhiteElo "1887"]
[BlackElo "1644"]

1. e4 e5 2. Nc3 Bb4 3. Nge2 Nf6 4. a3 Be7 5. d3 Bc5 6. d4 Bd6 7. Bg5 exd4 8.
Nxd4 Be5 9. Nf3 Bxc3+ 10. bxc3 d6 11. Qe2 Nbd7 12. e5 dxe5 13. O-O-O Qe7 14. Kb2
h6 15. Bxf6 Qxf6 16. g3 O-O 17. Bh3 Re8 18. Qd2 Qxf3 19. Bxd7 Bxd7 20. Qxd7 Rac8
21. Qd2 Red8 22. Qe1 Rxd1 23. Qxd1 Qxf2 24. Qd7 Qb6+ 25. Ka2 Qe6+ 26. Qxe6 fxe6
27. Re1 Re8 28. Rxe5 Kf7 29. Rb5 b6 30. Rb4 a5 31. Rc4 Re7 32. Rf4+ Kg8 33. g4
g5 34. Rf3 Kg7 35. Rd3 Kg6 36. Rd8 1-0

[Event "AUTO-ADV-3456"]
[Site "http://www.queenalice.com/game.php?id=1372209"]
[Date "2015.7.19"]
[Round "1"]
[White "mp3"]
[Black "Slazenger"]
[Result "0-1"]
[WhiteElo "1651"]
[BlackElo "1868"]

1. e4 e6 2. Nf3 Nc6 3. Bb5 Nge7 4. d3 a6 5. Bxc6 Nxc6 6. O-O h6 7. Nbd2 Be7 8.
b3 Bf6 9. Rb1 Nd4 10. c3 Nxf3+ 11. Nxf3 Bxc3 12. Qc2 Bf6 13. Ba3 d6 14. Rbc1 c6
15. Rfe1 Bg5 16. Nxg5 hxg5 17. f3 c5 18. g4 Qf6 19. Kg2 Qh6 20. Rh1 Qh3+ 21. Kg1
Qxf3 22. Qg2 Qxg2+ 23. Kxg2 Rf8 24. Bb2 e5 25. Kf3 f6 26. h3 Bd7 27. h4 Bb5 28.
Rcd1 Rd8 29. hxg5 fxg5+ 30. Kg3 Rd7 31. Rh5 Rdf7 32. Rd2 Rf3+ 33. Kg2 Rxd3 34.
Rxd3 Bxd3 35. Rxg5 Bxe4+ 36. Kg3 Rf3+ 37. Kh4 Rf2 38. Bc1 Rxa2 39. Rxg7 Rh2+ 40.
Kg3 Rc2 41. Bh6 Rc3+ 42. Kh4 Rxb3 43. Rg8+ Kf7 0-1

[Event "AUTO-ADV-3456"]
[Site "http://www.queenalice.com/game.php?id=1372210"]
[Date "2015.7.19"]
[Round "1"]
[White "Slazenger"]
[Black "Scharlatan"]
[Result "1-0"]
[WhiteElo "1875"]
[BlackElo "1777"]

1. e4 c5 2. c4 g6 3. Nf3 Bg7 4. e5 d6 5. Qe2 Nc6 6. a3 Nxe5 7. d3 Bg4 8. Nbd2
Nf6 9. h3 Nxf3+ 10. Nxf3 Bd7 11. g4 O-O 12. g5 Nh5 13. Bg2 Bc6 14. Rg1 Re8 15.
h4 e6 16. Rb1 d5 17. b3 d4 18. Ne5 Bxg2 19. Rxg2 Qd6 20. Nf3 e5 21. Qe4 Nf4 22.
Rg3 Nh5 23. Rh3 Nf4 24. Rg3 Qd7 25. b4 cxb4 26. Rxb4 Nh5 27. Rg2 Qh3 28. Rh2 Qd7
29. Rxb7 Qa4 30. Rb4 Qc2 31. Bd2 Nf4 32. Bxf4 1-0

[Event "AUTO-INT-2742"]
[Site "http://www.queenalice.com/game.php?id=1374276"]
[Date "2015.7.30"]
[Round "2"]
[White "Slazenger"]
[Black "bdpq"]
[Result "0-1"]
[WhiteElo "1908"]
[BlackElo "1681"]

1. e4 d5 2. Bd3 dxe4 3. Bxe4 e6 4. Nc3 Bb4 5. Nge2 Bxc3 6. Nxc3 Nf6 7. f3 Nxe4
8. Nxe4 O-O 9. O-O f5 10. Ng3 Nc6 11. c3 e5 12. Qc2 b6 13. Qb3+ Kh8 14. Qc2 f4
15. Ne2 Qg5 16. g3 fxg3 17. Nxg3 Bf5 18. Qa4 Bd3 19. Rf2 e4 20. Qxc6 Rad8 21.
Qxc7 exf3 22. Qxa7 Rde8 23. Kh1 Re1+ 0-1

[Event "Yeappee"]
[Site "http://www.queenalice.com/game.php?id=1380387"]
[Date "2015.8.30"]
[Round "5"]
[White "Slazenger"]
[Black "uji40"]
[Result "0-1"]
[WhiteElo "1893"]
[BlackElo "1775"]

1. d4 Nf6 2. f3 d5 3. Nc3 c6 4. Bg5 h6 5. Bxf6 exf6 6. e4 f5 7. Bd3 fxe4 8. fxe4
dxe4 9. Bxe4 Bd6 10. Qe2 O-O 11. Qd3 Na6 12. a3 f5 13. Bf3 Qg5 14. Qc4+ Kh8 15.
Nge2 Nc7 16. h4 Bg3+ 17. Nxg3 Qxg3+ 18. Kf1 Be6 19. d5 Nxd5 20. Rh3 Ne3+ 21. Kg1
Qxf3 22. Rxf3 Nxc4 23. b3 Nd2 24. Re3 Rae8 25. Rd1 Ne4 26. Nxe4 Bd5 27. Nc3 Rxe3
28. Nxd5 cxd5 29. Rxd5 Rc8 30. c4 Rxb3 31. Rxf5 Rxc4 32. Rf8+ Kh7 0-1

[Event "AUTO-INT-2742"]
[Site "http://www.queenalice.com/game.php?id=1385828"]
[Date "2015.9.27"]
[Round "3"]
[White "Slazenger"]
[Black "bdpq"]
[Result "0-1"]
[WhiteElo "1778"]
[BlackElo "1582"]

1. e4 d5 2. f3 d4 3. b3 e5 4. Bb2 Nc6 5. Bb5 Bd7 6. c3 Qf6 7. Ne2 a6 8. Bd3
O-O-O 9. cxd4 exd4 10. O-O Bc5 11. a3 Be6 12. b4 Bb6 13. b5 axb5 14. Bxb5 Nge7
15. d3 Qg5 16. Bc1 Qxb5 17. Nd2 Qxd3 18. Nf4 Qe3+ 19. Rf2 Qxf4 20. Nf1 Qe5 0-1

[Event "AUTO-INT-2742"]
[Site "http://www.queenalice.com/game.php?id=1385829"]
[Date "2015.9.27"]
[Round "3"]
[White "bdpq"]
[Black "Slazenger"]
[Result "1-0"]
[WhiteElo "1556"]
[BlackElo "1804"]

1. e4 e5 2. d4 f6 3. dxe5 fxe5 4. f3 Nf6 5. Bg5 h6 6. Bxf6 Qxf6 7. Bd3 Qf4 8.
Nh3 Qh4+ 9. Nf2 Bc5 10. Qe2 Nc6 11. g3 Bxf2+ 12. Qxf2 Qe7 13. Nc3 Nd4 14. f4 O-O
15. f5 g6 16. Nd5 Qd6 17. O-O b6 18. Qe3 g5 19. c3 Nc6 20. Bc4 Kg7 21. f6+ Kh7
22. f7 1-0

[Event "AUTO-INT-2742"]
[Site "http://www.queenalice.com/game.php?id=1385830"]
[Date "2015.9.27"]
[Round "3"]
[White "Slazenger"]
[Black "kuntakinte"]
[Result "0-1"]
[WhiteElo "1819"]
[BlackElo "1837"]

1. e4 e5 2. Nf3 d6 3. Nc3 a6 4. d3 Bg4 5. h3 Bxf3 6. Qxf3 Nc6 7. Be3 b5 8. Nd5
h6 9. g4 Be7 10. Be2 Nd4 11. Bxd4 exd4 12. O-O c6 13. Nb4 Qc7 14. a3 a5 15. Na2
c5 16. Rac1 Rd8 17. c4 b4 18. Qg3 b3 0-1

[Event "AUTO-INT-2742"]
[Site "http://www.queenalice.com/game.php?id=1385831"]
[Date "2015.9.27"]
[Round "3"]
[White "kuntakinte"]
[Black "Slazenger"]
[Result "1-0"]
[WhiteElo "1820"]
[BlackElo "1836"]

1. e4 c5 2. Bc4 e6 3. Nf3 Nc6 4. d4 Nf6 5. e5 Nd5 6. O-O h6 7. Re1 g5 8. h3 Be7
9. Nc3 Nxc3 10. bxc3 d6 11. exd6 Bxd6 12. d5 e5 13. dxc6 bxc6 14. Qe2 f6 15. a4
g4 16. hxg4 Bxg4 17. Qe4 Qd7 18. Qg6+ 1-0